commercial crops (Record no. 480375)
[ view plain ]
| 000 -LEADER | |
|---|---|
| fixed length control field | 01102cam a22003257a 4500 |
| 001 - CONTROL NUMBER | |
| control field | 3579004 |
| 003 - CONTROL NUMBER IDENTIFIER | |
| control field | ASAB |
| 005 - DATE AND TIME OF LATEST TRANSACTION | |
| control field | 20180827062721.0 |
| 007 - PHYSICAL DESCRIPTION FIXED FIELD--GENERAL INFORMATION | |
| fixed length control field | he|amb---bacp |
| 007 - PHYSICAL DESCRIPTION FIXED FIELD--GENERAL INFORMATION | |
| fixed length control field | he|bmb---baap |
| 008 - FIXED-LENGTH DATA ELEMENTS--GENERAL INFORMATION | |
| fixed length control field | 990325s1998 ii b 000 0 eng |
| 010 ## - LIBRARY OF CONGRESS CONTROL NUMBER | |
| LC control number | 99931426 |
| 020 ## - INTERNATIONAL STANDARD BOOK NUMBER | |
| International Standard Book Number | 81-272-2511-8 |
| 025 ## - OVERSEAS ACQUISITION NUMBER | |
| Overseas acquisition number | I-E-99-931426; 85-90; 85-21 |
| 037 ## - SOURCE OF ACQUISITION | |
| Source of stock number/acquisition | Library of Congress -- New Delhi Field Office |
| 040 ## - CATALOGING SOURCE | |
| Original cataloging agency | DLC |
| Transcribing agency | ASAB |
| Modifying agency | DLC |
| 042 ## - AUTHENTICATION CODE | |
| Authentication code | lcode |
| 043 ## - GEOGRAPHIC AREA CODE | |
| Geographic area code | a-ii--- |
| 050 00 - LIBRARY OF CONGRESS CALL NUMBER | |
| Classification number | Microfiche 99/60059 (H) |
| 082 ## - DEWEY DECIMAL CLASSIFICATION NUMBER | |
| Classification number | 631.7 LEN |
| 100 1# - MAIN ENTRY--PERSONAL NAME | |
| Personal name | D. Lenka |
| Dates associated with a name | 1949- |
| 9 (RLIN) | 2445 |
| 245 10 - TITLE STATEMENT | |
| Title | commercial crops |
| 260 ## - PUBLICATION, DISTRIBUTION, ETC. | |
| Place of publication, distribution, etc. | Shimla : |
| Name of publisher, distributor, etc. | Agro-Economic Research Centre, Himachal Pradesh University, |
| Date of publication, distribution, etc. | 1998. |
| 300 ## - PHYSICAL DESCRIPTION | |
| Extent | 729 p. : |
| Dimensions | 29 cm. |
| 533 ## - REPRODUCTION NOTE | |
| Type of reproduction | Microfiche. |
| Place of reproduction | New Delhi : |
| Agency responsible for reproduction | Library of Congress Office ; |
| Place of reproduction | Washington, D.C. : |
| Agency responsible for reproduction | Library of Congress Photoduplication Service, |
| Date of reproduction | 1999. |
| Physical description of reproduction | 2 microfiches. |
| Note about reproduction | Master microform held by: DLC. |
| 651 #0 - SUBJECT ADDED ENTRY--GEOGRAPHIC NAME | |
| Geographic name | Himachal Pradesh (India) |
| General subdivision | Economic policy. |
| 9 (RLIN) | 2446 |
| 906 ## - LOCAL DATA ELEMENT F, LDF (RLIN) | |
| a | 7 |
| b | cbc |
| c | origode |
| d | 5 |
| e | ncip |
| f | 19 |
| g | y-genmicro |
| 942 ## - ADDED ENTRY ELEMENTS (KOHA) | |
| Source of classification or shelving scheme | |
| Koha item type | Book |
| Withdrawn status | Lost status | Source of classification or shelving scheme | Damaged status | Not for loan | Collection code | Permanent Location | Current Location | Date acquired | Total Checkouts | Full call number | Barcode | Date last seen | Price effective from | Koha item type |
|---|---|---|---|---|---|---|---|---|---|---|---|---|---|---|
| Atta-ur-Rahman School of Applied Biosciences (ASAB) | Atta-ur-Rahman School of Applied Biosciences (ASAB) | 12/02/2016 | 631.7 LEN | ASAB1832 | 12/02/2016 | 12/02/2016 | Book |
